| 000 | 00808naa a22002297u 4500 | ||
|---|---|---|---|
| 001 | 17641 | ||
| 003 | HDC | ||
| 007 | cr bn ---aaaaa | ||
| 008 | 210224t xx 000 0 eng | ||
| 040 | _aHDC | ||
| 245 | 0 | _aASIAN HALAL SOURCING CONNECTION THROUGH SIHAS 2009 | |
| 260 |
_a[No place] : _b[publisher not identified], _c[no year] |
||
| 336 |
_atext _2rdacontent |
||
| 337 |
_acomputer _2rdamedia |
||
| 338 |
_aonline resource _2rdacarrier |
||
| 650 |
_aFood industry and trade _xReligious aspects _xIslam _9149 |
||
| 650 |
_aHalal food industry _zSingapore _91556 |
||
| 856 | _zRequest full-text at [email protected] | ||
| 942 | _2lcc | ||
| 942 | _cEIJ | ||
| 942 | _kEMAG 000619 | ||
| 999 |
_c14957 _d14957 |
||